000 00727nam a2200241Ia 4500
003 OSt
005 20220925235330.0
006 a|||||r|||| 00| 0
007 ta
008 220923b |||||||| |||| 00| 0 eng d
020 _a9788189524685
_c25
037 _b876, 12/03/2013, Pranami Book Service
_cGeneral Book
040 _aRTL
_cRTL
_beng
041 _2eng
_aeng
082 _aV2:51y7M93:g, Q1
100 _aAMBEDKAR B R
245 0 _aReminiscences of untouchability.
260 _a New Delhi
_bCritical Quest
_c2011
300 _a31p.
_ccm.
650 _aSociology
942 _hV2:51y7M93:g, Q1
_cGB
_2CC
999 _c597171
_d597171